000 00595nam a2200241 a 4500
001 nice12345678
003 IN_TiNIC
005 20260116011757.0
008 050524s0000 dela grp 000 0 urd
020 _a
_c10
082 0 0 _a297.4
_bNIZ4
100 _aNizamuddin Shaikh,
245 _aFawad Al-Fuad (malfuzat)
260 _aDelhi
_bKutub Khana Azizia
_c0000
300 _a472p
500 _aincludes index and biblioraphy
505 2 _a4 parts bound together
650 _aSufism-Malfoozat
700 1 _aNizamuddin Shaikh,
902 _bSRS
942 _cBK
999 _c3879
_d3879